000 00778nas a2200253 4500
001 BR8006249
003 BR-BrBNA
005 20231205084413.0
007 ta
008 230509b bl.|||p| |||| 00| 00por d
040 _aBR-BrBNA
_bpor
_cBiblioteca Nacional de Agricultura
041 _a(Pt)
072 _aL10
100 1 _aMies Filho, A.
100 1 _aVillarroel, A.S.
100 1 _aPuga, J.M.P.
245 1 _aEfeito da frequencia da coleta na morfologia do semen ovino
650 _aINSEMINACAO ARTIFICIAL
650 _aSEMEN
650 _aOVINO
773 0 _tArquivos da Faculdade de Veterinaria da Universidade Federal do Rio Grande do Sul (Brazil)
_x
_g(Dec 1980), v. 8 p. 173-178
_wBR8006249
909 _a202311
_bLúcia
_c55
_dLúcia Elande
942 _2AGRIS
_n0
_cANA
999 _c105004
_d105004